Drak nikdy nespí /

Hlavní autor: Grus, Jiří, 1978-
Další autoři: Baban, Džian, 1977-, Mašek, Vojtěch, 1977-
Jazyk: Čeština
Vydáno: Trutnov : Trutnov - město draka, 2015
Vydání: Vydání první
Témata:
Fyzický popis: 159 nečíslovaných stran : barevné ilustrace ; 26 x 31 cm
Knihy
Uloženo v:
LEADER 02015nam a2200529 i 4500
001 nkc20162771567
003 CZ PrNK
005 20210624130014.0
007 ta
008 160111s2015 xr a g 6 000 1 cze
015 |a cnb002771567 
020 |a 978-80-905827-3-6  |q (vázáno) 
035 |a (OCoLC)944218889 
040 |a BOA001  |b cze  |e rda 
043 |a e-xr---  |b e-xr-kr  |2 czenas 
072 7 |a 741.52  |x Komiksy. Komiksové adaptace  |2 Konspekt  |9 21 
080 |a 741.52(0:82-321.3)  |2 MRF 
080 |a 741.52(0.046.6)  |2 MRF 
080 |a 821.162.3-34  |2 MRF 
080 |a 94(437.313)  |2 MRF 
100 1 |a Grus, Jiří,  |d 1978-  |7 mzk2005289872  |4 ill 
245 1 0 |a Drak nikdy nespí /  |c Jiří Grus, Džian Baban, Vojtěch Mašek 
250 |a Vydání první 
264 1 |a Trutnov :  |b Trutnov - město draka,  |c 2015 
300 |a 159 nečíslovaných stran :  |b barevné ilustrace ;  |c 26 x 31 cm 
336 |a text  |b txt  |2 rdacontent 
336 |a statický obraz  |b sti  |2 rdacontent 
337 |a bez média  |b n  |2 rdamedia 
338 |a svazek  |b nc  |2 rdacarrier 
500 |a "Nakreslil Jiří Grus ; napsali Džian Baban a Vojtěch Mašek"--Tiráž 
500 |a 3000 výtisků 
651 7 |a Trutnov (Česko)  |7 ge131132  |x dějiny  |2 czenas 
651 9 |a Trutnov (Czechia)  |x history  |2 eczenas 
655 7 |a akční a dobrodružné komiksy  |7 fd1057471  |2 czenas 
655 7 |a komiksové adaptace  |7 fd1057342  |2 czenas 
655 7 |a české pověsti  |7 fd201456  |2 czenas 
655 9 |a action and adventure comics  |2 eczenas 
655 9 |a comics adaptations  |2 eczenas 
655 9 |a Czech legends  |2 eczenas 
700 1 |a Baban, Džian,  |d 1977-  |7 mzk2004261390  |4 aut 
700 1 |a Mašek, Vojtěch,  |d 1977-  |7 mzk2004261391  |4 aut 
910 2 |a BOA001  |b 4-1361.081 
990 |a BK 
995 |a 01 
991 |b 201602  |c NOV 
996 6 |b 2610656504  |c 4-1361.081  |l MZK  |r Sklad / do 1 hodiny  |n 2  |p p.v.  |w 001540239  |u 000010  |a 1  |e BOA001  |j MZK50  |s P 
996 3 |b 2610786638  |c 4-1361.081  |l MZK  |r CLC  |n 0  |p kup ; Praha  |w 001540239  |u 000020  |a 1  |e BOA001  |j MZK50  |s N